Statistics for Top 50 Premier League Players 2020/21

Click here to take the quiz!

General Stats

  • This quiz has been taken 72 times
  • The average score is 37 of 50

Answer Stats

RankClubNationPlayer% Correct
#1Tottenham HotspurEnglandHarry Kane
100%
#5Tottenham HotspurSouth KoreaHeung-Min Son
100%
#4Manchester CityBelgiumKevin De Bruyne
100%
#9LiverpoolEgyptMohamed Salah
98%
#3Manchester UnitedPortugalBruno Fernandes
95%
#6Manchester CityGermanyIlkay Gundogan
95%
#19Leicester CityEnglandJamie Vardy
93%
#25Manchester CityEnglandRaheem Sterling
93%
#26Manchester UnitedEnglandMarcus Rashford
89%
#20Manchester UnitedFrancePaul Pogba
88%
#2Manchester CityPortugalRuben Dias
88%
#14Manchester CityBrazilEderson
86%
#8Aston VillaEnglandJack Grealish
86%
#7Manchester CityEnglandJohn Stones
84%
#16Manchester CityAlgeriaRiyad Mahrez
84%
#10Manchester UnitedEnglandLuke Shaw
81%
#48EvertonColombiaJames Rodriguez
79%
#32ChelseaEnglandMason Mount
79%
#21ChelseaFranceN'Golo Kante
79%
#29Manchester CitySpainRodri
79%
#47ChelseaGermanyTimo Werner
79%
#13West Ham UnitedCzech RepublicTomas Soucek
79%
#46ArsenalFranceAlexandre Lacazette
77%
#12Manchester CityPortugalJoao Cancelo
77%
#28Leicester CityBelgiumYouri Tielemans
77%
#30ArsenalEnglandBukayo Saka
75%
#17West Ham UnitedEnglandDeclan Rice
75%
#31ChelseaSenegalEdouard Mendy
75%
#39Leicester CityDenmarkKasper Schmeichel
75%
#40Crystal PalaceIvory CoastWilfried Zaha
75%
#44LiverpoolBrazilFabinho
74%
#36LiverpoolEnglandTrent Alexander-Arnold
74%
#50WolvesPortugalRuben Neves
72%
#15Leicester CityEnglandJames Maddison
68%
#11West Ham UnitedEnglandJesse Lingard
68%
#18Aston VillaArgentinaEmiliano Martinez
67%
#23Leicester CityEnglandHarvey Barnes
67%
#24Leeds UnitedEnglandPatrick Bamford
67%
#49Leicester CityNigeriaKelechi Iheanacho
65%
#27Tottenham HotspurDenmarkPierre-Emile Hojbjerg
63%
#38Leicester CityNorthern IrelandJonny Evans
61%
#33Leicester CityFranceWesley Fofana
58%
#43ChelseaEnglandBen Chilwell
56%
#45West Ham UnitedCzech RepublicVladimir Coufal
56%
#22WolvesPortugalPedro Neto
54%
#35Leeds UnitedNorthern IrelandStuart Dallas
53%
#41Aston VillaEnglandOllie Watkins
51%
#34West Ham UnitedEnglandAaron Cresswell
44%
#42Leeds UnitedFranceIllan Meslier
44%
#37West Bromwich AlbionEnglandSam Johnstone
28%

Score Distribution

Percentile by Number Answered

Percent of People with Each Score

Your Score History

You have not taken this quiz